Dopasuj piłkarza do klubu #2 - Statystyki

Ogólne statystyki
  • Ten quiz został rozwiązany 172 razy
  • Średni wynik to 9 z 10
Statystyki odpowiedzi
Hint Odpowiedź % Poprawnych
B. Saka Arsenal
96%
Vinicius Jr Real Madryt
96%
Dembele PSG
94%
Messi Inter Miami
92%
A. Ishak Lech Poznań
88%
B. Fernandes Manchester United
88%
E. Martinez Aston Villa
87%
Di Gregorio Juventus
82%
A. Laporte Al Nassr
77%
Majecki AC Monaco
65%
Nie znaleziono quizów pasujących do podanych kryteriów
Rozkład punktacji
Procent ludzi z każdym wynikiem
Percentyl według liczby udzielonych odpowiedzi
Twoja historia wyników
Nie rozwiązałeś tego quizu